Who Wrote the Music for these Famous Broadway and West End Musicals - Statistics

General Stats
  • This quiz has been taken 12 times
  • The average score is 17 of 71
Answer Stats
Musical Composer % Correct
Hamilton Lin-Manuel Miranda
82%
Cats Sir Andrew Lloyd Webber
73%
Evita Sir Andrew Lloyd Webber
73%
Jesus Christ Superstar Sir Andrew Lloyd Webber
64%
Starlight Express Sir Andrew Lloyd Webber
64%
Sunset Boulevard Sir Andrew Lloyd Webber
64%
The Phantom of the Opera Sir Andrew Lloyd Webber
64%
Aladdin Alan Menken
55%
The Lion King Elton John | Hans Zimmer
55%
In the Heights Lin Manuel Miranda
55%
Carousel Richard Rodgers
55%
Joseph and the Amazing Technicolour Dreamcoat Sir Andrew Lloyd Webber
55%
West Side Story Leonard Bernstein
45%
South Pacific Richard Rodgers
45%
A Little Night Music Stephen Sondheim
45%
Into the Woods Stephen Sondheim
45%
Beauty and the Beast Alan Menken
36%
Rent Johnathan Larson
36%
Oklahoma Richard Rodgers
36%
Follies Stephen Sondheim
36%
Sweeney Todd Stephen Sondheim
36%
Mamma Mia ABBA | Benny Andersson | Björn Ulvaeus | Stig Andersson
27%
Miss Saigon Claude-Michel Schönberg
27%
My Fair Lady Frederick Loewe
27%
Show Boat Jerome Kern
27%
Cabaret John Kander
27%
Wicked Stephen Schwartz
27%
Tina Tina Turner
27%
SIX Toby Marlow | Lucy Moss
27%
Chess ABBA | Benny Andersson | Björn Ulvaeus
18%
Hadestown Anaïs Mitchell
18%
Dear Evan Hansen Benj Pasek | Justin Paul
18%
Les Misérables Claude-Michel Schönberg
18%
Billy Elliot Elton John
18%
Hello Dolly Jerry Herman
18%
Chicago John Kander
18%
Oliver Lionel Bart
18%
MJ the Musical Michael Jackson
18%
Mary Poppins Richard M. Sherman | Robert B. Sherman
18%
Company Stephen Sondheim
18%
Little Shop of Horrors Alan Menken
9%
Newsies Alan Menken
9%
Anything Goes Cole Porter
9%
Spamalot John Du Prez | Eric Idle
9%
Gypsy Jule Styne
9%
A Chorus Line Marvin Hamlisch
9%
The Producers Mel Brooks
9%
We Will Rock You Queen
9%
The Rocky Horror Show Richard O'Brien
9%
Operation Mincemeat SpitLip | David Cumming | Felix Hagan | Natasha Hodgson | Zoe Roberts
9%
Godspell Stephen Schwartz
9%
Prince of Egypt Stephen Schwartz
9%
Matilda Tim Minchin
9%
The Book of Mormon Trey Parker | Matt Stone | Robert Lopez
9%
Blood Brothers Willy Russell
9%
Jersey Boys Bob Gaudio
0%
Annie Charles Strouse
0%
Guys and Dolls Frank Loesser
0%
Bonnie and Clyde Frank Wildhorn
0%
Jekyll and Hyde Frank Wildhorn
0%
Dreamgirls Henry Krieger
0%
Come From Away Irene Sankoff | David Hein
0%
Thoroughly Modern Millie Jeanine Tesori
0%
Fiddler on the Roof Jerry Bock
0%
Grease Jim Jacobs | Warren Casey
0%
Moulin Rouge Justin Levine
0%
Hairspray Marc Shaiman
0%
Singin' in the Rain Nacio Herb Brown
0%
Calamity Jane Sammy Fain
0%
Fame Steve Margoshes
0%
Footloose Tom Snow | Kenny Loggins | Eric Carmen | Sammy Hagar | Jim Steinman
0%
No matching quizzes found
Score Distribution
Percent of People with Each Score
Percentile by Number Answered
Your Score History
You have not taken this quiz